Economía urbana y regional : introducción a la relación entre territorio y desarrollo /

Guardado en:
Autor Principal: Polèse, Mario
Otros Autores: Barragán, Carmen, colab., Pérez Mendoza, Salvador, colab., Pérez Galicia, Germán , trad., Pou Madinaveitia, Elena, trad.
Formato: Libro
Publicado: Cartago : Libro Universitario Regional, 1998
Materias:
Etiquetas: Agregar Etiqueta
Sin Etiquetas, Sea el primero en etiquetar este registro!
LEADER 01473nam a22002895a 4500
001 CEM.cems011925
005 20070523142115.0
008 130507s1998##################000#0#####d
003 CEMS
020 |a 9968801003 
082 0 4 |a 330.9 
100 1 |a Polèse, Mario 
245 1 0 |a Economía urbana y regional :  |b introducción a la relación entre territorio y desarrollo /  |c Mario Polèse ; adaptado Por Carmen Barragán y Salvador Pérez Mendoza ; traducido Por Germán Pérez Galicia y Elena Pou Madinaveitia 
260 |a Cartago :  |b Libro Universitario Regional,  |c 1998 
300 |a 438 p. 
505 0 |a Desarrollo económico y urbanización -- Espacio geográfico y costos económicos -- Externalidades y economías de la aglomeración -- Ciudad y desarrollo : debates y desafíos -- Desarrollo económico regional -- Disparidades regionales -- Políticas regionales -- Políticas de desarrollo local -- La localización de las actividades económicas en el espacio nacional -- La transformación de los espacios económicos 
653 |a Economía 
653 |a Economía urbana 
653 |a Economía regional 
653 |a Desarrollo urbano 
653 |a Territorio y desarrollo 
653 |a Ciudades y pueblos 
700 1 |a Barragán, Carmen, colab. 
700 1 |a Pérez Mendoza, Salvador, colab. 
700 1 |a Pérez Galicia, Germán , trad. 
700 1 |a Pou Madinaveitia, Elena, trad. 
859 |a CEMS  |b BIB. CEMS - 11 de abril  |h 330.9  |i P758  |p 22996.05  |t Ej.1